Vinland Saga Quotes- Who Said it? - Statistics

General Stats
  • This quiz has been taken 94 times
  • The average score is 6 of 11
Answer Stats
Hint Answer % Correct
"You have no enemies. Nobody in this entire world deserves to get hurt." Thors
100%
"Why is death something we have to fear?" Thorfinn
93%
"Every living human being is a slave to something" Askeladd
84%
"Why is there no love in the hearts of men?" Canute
64%
"Try making your own field of crops. Then maybe you'll understand first-hand what a terrible thing it is to have that stolen from you." Einar
50%
"I don't fight for money. I like to kill." Bjorn
41%
"Of course I'm sad. He cost eight sheep, but he died right afterwards." Ylva
39%
"Not all warriors fight on the battlefield with a sword in hand. A sailor makes his living battling the sea." Leif Erikson
34%
"I'll protect my own life, and not take my opponents, and still win!" Snake
30%
"Why... do I [have] to live? It's nothing but pain" Arnheid
22%
"Love provides the worth of everything in the world." Willibard
1%
No matching quizzes found
Score Distribution
Percent of People with Each Score
Percentile by Number Answered
Your Score History
You have not taken this quiz